000 01730nam a2200505 i 4500
001 32416
003 KOSZ 005
005 20240405063057.0
008 980713s1997 pl a |001 0 pol
015 _aUWD 1997/15572
020 _a8301124334
035 _a991005204159705066
035 _a(PL-WaBN)b11363691-48omnis_nlop
035 _ab11363691
035 _a(OCoLC)830130136
035 _azz2005833692
035 _a(PL)b0000001136369
035 _a(EXLNZ-48OMNIS_NETWORK)9910166802005606
040 _aWA N
_cWA N
_dKOSZ 005/HR
080 _a94(438).078/.084
080 _a(075.3)
100 1 _aRoszkowski, Wojciech
_d(1947- )
_eAutor
245 1 0 _aHistoria Polski 1914-1996 /
_cWojciech Roszkowski [nazwa] (Andrzej Albert) [pseud.].
250 _aWyd. 5 rozsz.
260 _aWarszawa :
_bWydawnictwo Naukowe PWN,
_c1997
300 _a469 s. :
_b1 mapa ;
_c24 cm.
336 _aTekst
_btxt
_2rdacontent
337 _aBez urządzenia pośredniczącego
_bn
_2rdamedia
338 _aWolumin
_bnc
_2rdacarrier
380 _aKsiążki
380 _aPublikacje dydaktyczne
385 _mPoziom nauczania
_aSzkoły średnie
388 _a1901-2000
500 _aWyd. 4 pt. : Historia Polski 1914-1994.
504 _aIndeks.
521 _aPomocniczy podręcznik do nauki historii na poziomie starszych klas szkoły ponadpodstawowej.
648 7 _a1901-2000
_2DBN
651 7 _aPolska
_2DBN
655 7 _aMateriały pomocnicze
_2DBN
658 _aHistoria
710 2 _aWydawnictwo Naukowe PWN
_4pbl
856 _uhttp://koha.tu.koszalin.pl/cgi-bin/koha/opac-detail.pl?biblionumber=32416
_yKatalog online BPK
942 _2UKD
_cKS
999 _c32416
_d32416